| 000 | 00534nam a2200181Ia 4500 | ||
|---|---|---|---|
| 999 |
_c14775 _d14775 |
||
| 003 | OSt | ||
| 005 | 20201103124704.0 | ||
| 008 | 190216s9999||||xx |||||||||||||| ||und|| | ||
| 020 | _a9780199557455 | ||
| 040 | _coclc | ||
| 082 |
_a809.38762 _bSEE/S |
||
| 100 |
_aSeed, David _96229 |
||
| 245 | 0 |
_aScience Fiction A Very Short Introduction / _cDavid Seed |
|
| 260 |
_bOxford University Press, _c2011. _aNew york: |
||
| 300 | _a147p | ||
| 650 | _aEnglish | ||
| 942 |
_cBK _2ddc _h809.38762 _iSEE/S _k809.38762 _mSEE/S |
||